[Event "FICGS rapid A 000156 email"]
[Site "FICGS email"]
[Date "2014.01.24"]
[Round "1"]
[White "Boissier, Lucien"]
[Black "Roe, Philip"]
[Result "1/2-1/2"]
[WhiteElo "1910"]
[BlackElo "1917"]
[PlyCount "102"]
[EventDate "2014.??.??"]
[EventType "tourn (rapid)"]
[EventRounds "6"]
[SourceTitle "Corr 2022"]
[Source "ChessBase"]
[SourceDate "2021.10.24"]
[SourceVersion "1"]
[SourceVersionDate "2021.10.24"]
[SourceQuality "1"]

1. e4 e5 2. Bc4 Nf6 3. d3 c6 4. Nf3 d5 5. Bb3 Bd6 6. Nc3 dxe4 7. Nxe4 Nxe4 8. dxe4 0-0 9. Bg5 Qc7 10. Qd2 Bg4 11. 0-0-0 Be7 12. Bxe7 Qxe7 13. Qd6 Qxd6 14. Rxd6 Bxf3 15. gxf3 Re8 16. Rg1 Kf8 17. a4 a5 18. Bc4 b6 19. Rgd1 Ke7 20. Bf1 Ra7 21. Bh3 Rc7 22. c3 Kf8 23. Kc2 Na6 24. Rd7 Re7 25. Rxc7 Rxc7 26. Rd8+ Ke7 27. Rg8 g6 28. Ra8 Nc5 29. b4 axb4 30. cxb4 Ne6 31. Bxe6 Kxe6 32. Kc3 Kd6 33. Kc4 b5+ 34. axb5 cxb5+ 35. Kxb5 Rc2 36. Ra6+ Kd7 37. Ra7+ Ke6 38. Kb6 Rxf2 39. b5 Rxf3 40. Kc7 f5 41. Ra6+ Ke7 42. b6 Rc3+ 43. Kb7 Rh3 44. Ka8 Rxh2 45. b7 Rb2 46. b8Q Rxb8+ 47. Kxb8 fxe4 48. Kc7 e3 49. Ra3 Ke6 50. Rxe3 Kd5 51. Kb6 Kd4 1/2-1/2

[Event "FICGS rapid A 000156 email"]
[Site "FICGS email"]
[Date "2014.01.24"]
[Round "1"]
[White "Moreno, Ciro"]
[Black "Boissier, Lucien"]
[Result "0-1"]
[WhiteElo "1938"]
[BlackElo "1910"]
[PlyCount "62"]
[EventDate "2014.??.??"]
[EventType "tourn (rapid)"]
[EventRounds "6"]
[SourceTitle "Corr 2022"]
[Source "ChessBase"]
[SourceDate "2021.10.24"]
[SourceVersion "1"]
[SourceVersionDate "2021.10.24"]
[SourceQuality "1"]

1. d4 f5 2. Nf3 g6 3. g3 Bg7 4. Bg2 Nf6 5. 0-0 d6 6. c4 0-0 7. Nc3 Qe8 8. Rb1 e5 9. b3 Na6 10. dxe5 dxe5 11. Ba3 c5 12. Qd2 e4 13. Ng5 Bd7 14. Nd5 Bc6 15. Nf4 Bh6 16. h4 e3 17. Qxe3 Qxe3 18. fxe3 Bxg2 19. Kxg2 Ng4 20. Nd5 Rae8 21. Rf3 Bxg5 22. hxg5 Rf7 23. Rh1 Nc7 24. Bxc5 Nxd5 25. cxd5 Rd7 26. Bd4 Rxd5 27. Rc1 Rd7 28. a4 a6 29. Rc3 Rde7 30. a5 h5 31. gxh6 Kh7 0-1

[Event "FICGS class C 000201 email"]
[Site "FICGS email"]
[Date "2013.12.03"]
[Round "1"]
[White "Lemstra, Bart"]
[Black "Boissier, Lucien"]
[Result "1-0"]
[WhiteElo "1909"]
[BlackElo "1945"]
[PlyCount "93"]
[EventDate "2013.??.??"]
[EventType "tourn (corr)"]
[EventRounds "4"]
[SourceTitle "Corr 2022"]
[Source "ChessBase"]
[SourceDate "2021.10.24"]
[SourceVersion "1"]
[SourceVersionDate "2021.10.24"]
[SourceQuality "1"]

1. e4 c5 2. Nf3 Nc6 3. d4 cxd4 4. c3 dxc3 5. Nxc3 e6 6. Bc4 a6 7. 0-0 Nge7 8. Bg5 f6 9. Be3 b5 10. Bb3 Ng6 11. Nd5 exd5 12. exd5 Nce5 13. d6 Bb7 14. Nxe5 fxe5 15. f4 exf4 16. Re1 fxe3 17. Rxe3+ Be7 18. Qd4 Qc8 19. Rae1 Qc6 20. Rf3 Kd8 21. dxe7+ Nxe7 22. Rxe7 Kxe7 23. Qxg7+ Kd6 24. Rf6+ Kc7 25. Rxc6+ Bxc6 26. Bf7 h5 27. h4 Rad8 28. Qe5+ Kb7 29. Bxh5 Rdg8 30. g3 Rh6 31. Bf3 Bxf3 32. Qf4 Rhg6 33. Qxf3+ Kc7 34. Kf2 Kd6 35. h5 Re6 36. g4 Ke7 37. Kg3 Rf8 38. Qd5 Rh8 39. Kh4 Reh6 40. Qe5+ Kf7 41. Qf4+ Ke8 42. Qe3+ Kf7 43. Qf3+ Ke7 44. g5 Re6 45. Qd5 b4 46. g6 Rg8 47. Kg5 1-0

[Event "FICGS class C 000193 email"]
[Site "FICGS email"]
[Date "2013.07.14"]
[Round "1"]
[White "Boissier, Lucien"]
[Black "Domingo Gadea, Jordi"]
[Result "0-1"]
[WhiteElo "1894"]
[BlackElo "1920"]
[PlyCount "92"]
[EventDate "2013.??.??"]
[EventType "tourn (corr)"]
[EventRounds "1"]
[SourceTitle "Corr 2022"]
[Source "ChessBase"]
[SourceDate "2021.10.24"]
[SourceVersion "1"]
[SourceVersionDate "2021.10.24"]
[SourceQuality "1"]

1. d4 b5 2. Nf3 Bb7 3. Bf4 e6 4. e3 a6 5. Nbd2 Nf6 6. a4 b4 7. Bd3 c5 8. Nc4 d5 9. Nce5 Nc6 10. Nxc6 Bxc6 11. Ne5 Bb7 12. Qf3 Be7 13. 0-0 0-0 14. dxc5 Bxc5 15. Qg3 Nh5 16. Qh3 g6 17. Bh6 Ng7 18. f4 Qc7 19. Rae1 Bc6 20. b3 f6 21. Nxg6 hxg6 22. Bxg6 Be8 23. f5 e5 24. Rf3 Bxg6 25. fxg6 f5 26. Bf4 Nh5 27. Qxh5 exf4 28. Rxf4 Rae8 29. Kh1 Re5 30. Ref1 Bxe3 31. Rxf5 Rfxf5 32. Rxf5 Bd4 33. Rxe5 Bxe5 34. g4 Qe7 35. Kg2 Qe6 36. h4 Bg7 37. Qg5 Qe4+ 38. Kh3 Qf3+ 39. Kh2 Bf6 40. Qf5 Qxf5 41. gxf5 Bxh4 42. Kh3 Bf6 43. Kg4 Kg7 44. Kh5 a5 45. Kg4 Kh6 46. Kf4 Kh5 0-1

[Event "FICGS class C 000193 email"]
[Site "FICGS email"]
[Date "2013.07.14"]
[Round "1"]
[White "Boissier, Lucien"]
[Black "Sorcinelli, Andrea"]
[Result "1/2-1/2"]
[WhiteElo "1894"]
[BlackElo "1963"]
[PlyCount "124"]
[EventDate "2013.??.??"]
[EventType "tourn (corr)"]
[EventRounds "1"]
[SourceTitle "Corr 2022"]
[Source "ChessBase"]
[SourceDate "2021.10.24"]
[SourceVersion "1"]
[SourceVersionDate "2021.10.24"]
[SourceQuality "1"]

1. d4 Nf6 2. Nf3 g6 3. Bg5 Bg7 4. Nbd2 0-0 5. c3 d5 6. e3 c5 7. Bd3 Qb6 8. Rb1 Nc6 9. 0-0 h6 10. Bh4 cxd4 11. exd4 Nd7 12. Re1 e5 13. c4 Nb4 14. c5 Qa5 15. Bf1 e4 16. a3 Nc6 17. b4 Qc7 18. b5 Na5 19. Bg3 Qd8 20. Ne5 Bxe5 21. Bxe5 Nxe5 22. dxe5 Qg5 23. f3 Rd8 24. f4 Qe7 25. Rc1 Be6 26. Qa4 Qc7 27. Qd4 Kg7 28. Be2 a6 29. a4 axb5 30. axb5 Nc4 31. Red1 Qe7 32. c6 bxc6 33. bxc6 Qc7 34. Nxc4 dxc4 35. Qxe4 Qb6+ 36. Kh1 Rxd1+ 37. Bxd1 Ra3 38. Bf3 Re3 39. Qc2 c3 40. Qf2 Qd4 41. Kg1 Qxf4 42. Bg4 Rf3 43. gxf3 Qxc1+ 44. Kg2 Bd5 45. c7 Bb7 46. e6 Qf4 47. h3 f5 48. Qc5 Qd2+ 49. Kf1 Ba6+ 50. Kg1 Qe1+ 51. Kh2 Qxe6 52. Qxc3+ Kf7 53. Kg2 fxg4 54. hxg4 g5 55. Qc5 Ke8 56. Qd4 Ke7 57. Qd8+ Kf7 58. Qd4 Qe2+ 59. Kg3 Ke6 60. c8Q+ Bxc8 61. Qb6+ Ke7 62. Qc5+ Kd8 1/2-1/2

[Event "FICGS class C 000199 email"]
[Site "FICGS email"]
[Date "2013.04.30"]
[Round "1"]
[White "Boissier, Lucien"]
[Black "Satonnet, Patrick"]
[Result "0-1"]
[WhiteElo "1760"]
[BlackElo "1641"]
[PlyCount "92"]
[EventDate "2013.??.??"]
[EventType "tourn (corr)"]
[EventRounds "4"]
[SourceTitle "Corr 2022"]
[Source "ChessBase"]
[SourceDate "2021.10.24"]
[SourceVersion "1"]
[SourceVersionDate "2021.10.24"]
[SourceQuality "1"]

1. d4 d5 2. e4 dxe4 3. Nc3 Nf6 4. f3 exf3 5. Nxf3 c6 6. Bc4 Bf5 7. Ne5 e6 8. 0-0 Bg6 9. g4 Bd6 10. Bf4 Bxe5 11. Bxe5 Nbd7 12. Bf4 0-0 13. g5 Nd5 14. Nxd5 cxd5 15. Bb3 f6 16. Qg4 Bf5 17. Qg3 fxg5 18. Bxg5 Qb6 19. c3 Nf6 20. Rf3 Ne4 21. Qg2 Nxg5 22. Qxg5 Be4 23. Rxf8+ Rxf8 24. Rf1 Rf5 25. Qe3 h6 26. h4 Qd6 27. Rf2 Rh5 28. Rf4 g5 29. Rxe4 dxe4 30. Qxe4 Qg3+ 31. Kf1 Qh3+ 32. Ke2 Kf8 33. Qxb7 Qg4+ 34. Kf1 Qf4+ 35. Kg2 Qg4+ 36. Kf1 Qf4+ 37. Kg2 Rxh4 38. Qc8+ Kg7 39. Qd7+ Qf7 40. Bxe6 Qxd7 41. Bxd7 Kf6 42. Bc6 Rg4+ 43. Kh2 h5 44. Bf3 Rf4 45. Bd1 h4 46. Kg2 g4 0-1

[Event "FICGS rapid C 000107 email"]
[Site "FICGS email"]
[Date "2012.09.18"]
[Round "1"]
[White "Arteau, Benoit"]
[Black "Boissier, Lucien"]
[Result "0-1"]
[WhiteElo "1519"]
[BlackElo "1599"]
[PlyCount "46"]
[EventDate "2012.??.??"]
[EventType "tourn (rapid)"]
[EventRounds "4"]
[SourceTitle "Corr 2022"]
[Source "ChessBase"]
[SourceDate "2021.10.24"]
[SourceVersion "1"]
[SourceVersionDate "2021.10.24"]
[SourceQuality "1"]

1. d4 d5 2. c4 c6 3. Nf3 Nf6 4. Nc3 a6 5. a4 e6 6. e3 c5 7. Be2 Nc6 8. 0-0 Bd6 9. Re1 0-0 10. b3 b6 11. Ba3 Bb7 12. Rc1 Rc8 13. dxc5 bxc5 14. Bb2 d4 15. exd4 cxd4 16. Na2 Qb6 17. Nxd4 Rfd8 18. Kh1 Bc5 19. Nxc6 Rxd1 20. Ne7+ Bxe7 21. Rcxd1 Qxb3 22. Bxf6 Bxf6 23. Nc1 Qxa4 0-1

[Event "FICGS rapid C 000107 email"]
[Site "FICGS email"]
[Date "2012.09.18"]
[Round "1"]
[White "Dikant, Christophe"]
[Black "Boissier, Lucien"]
[Result "1/2-1/2"]
[WhiteElo "1601"]
[BlackElo "1599"]
[PlyCount "72"]
[EventDate "2012.??.??"]
[EventType "tourn (rapid)"]
[EventRounds "4"]
[SourceTitle "Corr 2022"]
[Source "ChessBase"]
[SourceDate "2021.10.24"]
[SourceVersion "1"]
[SourceVersionDate "2021.10.24"]
[SourceQuality "1"]

1. d4 d5 2. Nf3 c6 3. e3 Nf6 4. c4 a6 5. Nbd2 Bf5 6. b3 Nbd7 7. Bb2 e6 8. Be2 Bb4 9. 0-0 0-0 10. a3 Ba5 11. b4 Bc7 12. Ne5 h6 13. c5 a5 14. f4 Ne4 15. Nxe4 Bxe4 16. Nxd7 Qxd7 17. Qb3 Qe7 18. b5 Qf6 19. Bd3 Qf5 20. Bxe4 Qxe4 21. a4 cxb5 22. axb5 a4 23. Qa3 Rfc8 24. b6 Bd8 25. Bc1 Be7 26. Rf2 g5 27. Qc3 f5 28. g3 Kf7 29. Qc2 Qxc2 30. Rxc2 Ra6 31. Rca2 Rca8 32. Kf2 Ke8 33. Ba3 Kd7 34. h3 Kc6 35. Bb4 Kb5 36. Bd2 Bf6 1/2-1/2

[Event "FICGS class D 000186 email"]
[Site "FICGS email"]
[Date "2012.09.05"]
[Round "1"]
[White "Boissier, Lucien"]
[Black "Pech, Stepan"]
[Result "1-0"]
[WhiteElo "1599"]
[BlackElo "1403"]
[PlyCount "21"]
[EventDate "2012.??.??"]
[EventType "tourn (corr)"]
[EventRounds "6"]
[SourceTitle "Corr 2022"]
[Source "ChessBase"]
[SourceDate "2021.10.24"]
[SourceVersion "1"]
[SourceVersionDate "2021.10.24"]
[SourceQuality "1"]

1. d4 f5 2. Nc3 Nf6 3. Bg5 d5 4. Bxf6 exf6 5. e3 c6 6. Qf3 Be6 7. Bd3 g6 8. h3 Qa5 9. Nge2 Nd7 10. g4 fxg4 11. hxg4 1-0

[Event "FICGS class D 000186 email"]
[Site "FICGS email"]
[Date "2012.09.05"]
[Round "1"]
[White "Boissier, Lucien"]
[Black "Plunkett, Louis"]
[Result "1-0"]
[WhiteElo "1599"]
[BlackElo "1510"]
[PlyCount "71"]
[EventDate "2012.??.??"]
[EventType "tourn (corr)"]
[EventRounds "6"]
[SourceTitle "Corr 2022"]
[Source "ChessBase"]
[SourceDate "2021.10.24"]
[SourceVersion "1"]
[SourceVersionDate "2021.10.24"]
[SourceQuality "1"]

1. d4 f5 2. Nc3 Nf6 3. Bg5 e6 4. e4 fxe4 5. Nxe4 Be7 6. Bxf6 Bxf6 7. Qh5+ g6 8. Qh6 Bxd4 9. 0-0-0 Bf6 10. Nf3 Qe7 11. Nxf6+ Qxf6 12. h4 Rf8 13. Kb1 Nc6 14. Bb5 Ne7 15. Ng5 Nf5 16. Qxh7 c6 17. Bd3 Rh8 18. Ne4 Qf8 19. Qxg6+ Kd8 20. g4 Ne7 21. Qg5 Rg8 22. Qa5+ b6 23. Qh5 Nd5 24. g5 Kc7 25. g6 Nf4 26. Qe5+ d6 27. Qc3 Nd5 28. Qb3 Bb7 29. h5 Qh6 30. c4 Nf4 31. c5 bxc5 32. Nxd6 Rab8 33. Nf7 Qf8 34. Qa4 Nd5 35. Qa5+ Nb6 36. h6 1-0

[Event "FICGS class D 000186 email"]
[Site "FICGS email"]
[Date "2012.09.05"]
[Round "1"]
[White "Palla, Vit"]
[Black "Boissier, Lucien"]
[Result "0-1"]
[WhiteElo "1406"]
[BlackElo "1599"]
[PlyCount "48"]
[EventDate "2012.??.??"]
[EventType "tourn (corr)"]
[EventRounds "6"]
[SourceTitle "Corr 2022"]
[Source "ChessBase"]
[SourceDate "2021.10.24"]
[SourceVersion "1"]
[SourceVersionDate "2021.10.24"]
[SourceQuality "1"]

1. e4 c5 2. c3 g6 3. Nf3 Bg7 4. d4 cxd4 5. cxd4 d5 6. exd5 Nf6 7. Bb5+ Bd7 8. Bc4 0-0 9. Qb3 b5 10. Be2 b4 11. 0-0 a5 12. Bg5 Bf5 13. Bc4 Qd6 14. a4 Nbd7 15. Nbd2 Rac8 16. Rac1 Nb6 17. Ba6 Rxc1 18. Rxc1 Nfxd5 19. Rc5 Nc7 20. Bd3 Ne6 21. Rxa5 Nxg5 22. Bxf5 Nxf3+ 23. Nxf3 gxf5 24. Rxf5 Qg6 0-1

[Event "FICGS class C 000121 email"]
[Site "FICGS email"]
[Date "2009.08.12"]
[Round "1"]
[White "Batal, Jean"]
[Black "Boissier, Lucien"]
[Result "1-0"]
[WhiteElo "1697"]
[BlackElo "1710"]
[PlyCount "77"]
[EventDate "2009.??.??"]
[EventType "tourn (corr)"]
[EventRounds "4"]
[SourceTitle "Corr 2022"]
[Source "ChessBase"]
[SourceDate "2021.10.24"]
[SourceVersion "1"]
[SourceVersionDate "2021.10.24"]
[SourceQuality "1"]

1. Nf3 d5 2. g3 Nf6 3. Bg2 c6 4. 0-0 Bg4 5. d3 Nbd7 6. Nbd2 e5 7. e4 Bc5 8. h3 Be6 9. exd5 Bxd5 10. d4 exd4 11. Re1+ Be7 12. Qe2 Nc5 13. Nxd4 Bxg2 14. Kxg2 0-0 15. Qxe7 Qxd4 16. Nf3 Qc4 17. b3 Qxc2 18. Re2 Qc3 19. Bb2 Qd3 20. Bxf6 gxf6 21. Rd2 Qc3 22. Re1 Rae8 23. Qxe8 Rxe8 24. Rxe8+ Kg7 25. b4 Ne6 26. Rd7 Qc4 27. Ree7 Ng5 28. Nd4 Kg6 29. f4 Qxa2+ 30. Re2 Qa4 31. Rd8 h5 32. fxg5 Qxb4 33. gxf6 c5 34. Nf3 Kxf6 35. Rd6+ Kg7 36. Ng5 c4 37. Rd7 Qb5 38. Rxf7+ Kg8 39. Rc7 1-0

[Event "FICGS class C 000121 email"]
[Site "FICGS email"]
[Date "2009.08.12"]
[Round "1"]
[White "Boissier, Lucien"]
[Black "Kepinski, Janusz"]
[Result "0-1"]
[WhiteElo "1710"]
[BlackElo "1621"]
[PlyCount "58"]
[EventDate "2009.??.??"]
[EventType "tourn (corr)"]
[EventRounds "4"]
[SourceTitle "Corr 2022"]
[Source "ChessBase"]
[SourceDate "2021.10.24"]
[SourceVersion "1"]
[SourceVersionDate "2021.10.24"]
[SourceQuality "1"]

1. d4 d5 2. c4 Nc6 3. Nc3 dxc4 4. Nf3 a6 5. d5 Na7 6. e4 b5 7. Bf4 Nf6 8. e5 Nh5 9. Be3 g6 10. Be2 Ng7 11. a4 b4 12. Ne4 Bf5 13. Qd4 Bxe4 14. Qxe4 Nf5 15. Bxc4 Bg7 16. Bg5 0-0 17. g4 Nh6 18. Qf4 Nxg4 19. Qxg4 Nc8 20. a5 Qe8 21. Bd2 c6 22. Qe4 cxd5 23. Qxd5 Rb8 24. Bxa6 e6 25. Qc4 Qd7 26. Bxb4 Rd8 27. Ke2 Ne7 28. Rad1 Nd5 29. Bd6 Rxb2+ 0-1

[Event "FICGS class C 000121 email"]
[Site "FICGS email"]
[Date "2009.08.12"]
[Round "1"]
[White "Nizar, Muhammad"]
[Black "Boissier, Lucien"]
[Result "1-0"]
[WhiteElo "1800"]
[BlackElo "1710"]
[PlyCount "37"]
[EventDate "2009.??.??"]
[EventType "tourn (corr)"]
[EventRounds "4"]
[SourceTitle "Corr 2022"]
[Source "ChessBase"]
[SourceDate "2021.10.24"]
[SourceVersion "1"]
[SourceVersionDate "2021.10.24"]
[SourceQuality "1"]

1. d4 d5 2. c4 c6 3. Nc3 Nf6 4. Nf3 a6 5. e3 b5 6. b3 Bg4 7. Bd3 Nbd7 8. h3 Bxf3 9. Qxf3 e6 10. 0-0 Bb4 11. Bb2 bxc4 12. bxc4 0-0 13. Ne2 Rb8 14. Rfc1 c5 15. cxd5 Nxd5 16. a3 Ba5 17. Rab1 cxd4 18. Nxd4 Rc8 19. Nc6 1-0

[Event "FICGS class D 000125 email"]
[Site "FICGS email"]
[Date "2009.06.28"]
[Round "1"]
[White "Boissier, Lucien"]
[Black "Price, Eric A Sr"]
[Result "1-0"]
[WhiteElo "1662"]
[BlackElo "1631"]
[PlyCount "35"]
[EventDate "2009.??.??"]
[EventType "tourn (corr)"]
[EventRounds "6"]
[SourceTitle "Corr 2022"]
[Source "ChessBase"]
[SourceDate "2021.10.24"]
[SourceVersion "1"]
[SourceVersionDate "2021.10.24"]
[SourceQuality "1"]

1. d4 e6 2. e4 d5 3. c4 dxe4 4. Nc3 Nf6 5. f3 Bb4 6. Qa4+ Nc6 7. a3 Bxc3+ 8. bxc3 exf3 9. Nxf3 0-0 10. Be2 Bd7 11. Qc2 Na5 12. 0-0 Qe7 13. Ne5 c5 14. Bg5 Be8 15. Ng4 Nc6 16. Nxf6+ gxf6 17. Bxf6 Qd6 18. Bd3 1-0

[Event "FICGS class D 000125 email"]
[Site "FICGS email"]
[Date "2009.06.28"]
[Round "1"]
[White "Pech, Jaroslav Sr"]
[Black "Boissier, Lucien"]
[Result "1-0"]
[WhiteElo "1590"]
[BlackElo "1662"]
[PlyCount "35"]
[EventDate "2009.??.??"]
[EventType "tourn (corr)"]
[EventRounds "6"]
[SourceTitle "Corr 2022"]
[Source "ChessBase"]
[SourceDate "2021.10.24"]
[SourceVersion "1"]
[SourceVersionDate "2021.10.24"]
[SourceQuality "1"]

1. d4 Nf6 2. c4 e6 3. Nc3 Bb4 4. e3 0-0 5. Bd3 Nc6 6. Nge2 d6 7. 0-0 e5 8. d5 Ne7 9. a3 Bxc3 10. Nxc3 a5 11. Qb3 Nf5 12. f3 Bd7 13. Qc2 Nh4 14. e4 Ng6 15. g3 h5 16. h4 a4 17. Be3 Qe7 18. Kg2 1-0

[Event "FICGS class C 000117 email"]
[Site "FICGS email"]
[Date "2009.06.17"]
[Round "1"]
[White "Boissier, Lucien"]
[Black "Dadban, Ali"]
[Result "1-0"]
[WhiteElo "1662"]
[BlackElo "1688"]
[PlyCount "65"]
[EventDate "2009.??.??"]
[EventType "tourn (corr)"]
[EventRounds "4"]
[SourceTitle "Corr 2022"]
[Source "ChessBase"]
[SourceDate "2021.10.24"]
[SourceVersion "1"]
[SourceVersionDate "2021.10.24"]
[SourceQuality "1"]

1. d4 d6 2. Nf3 g6 3. c3 Bg7 4. Bg5 c6 5. Nbd2 Nf6 6. e4 0-0 7. Be2 Nbd7 8. 0-0 Qc7 9. a4 e5 10. dxe5 dxe5 11. Re1 Nc5 12. Qc2 Ne6 13. Be3 Ng4 14. Nc4 Nxe3 15. Nxe3 Bd7 16. g3 Rad8 17. Bc4 Bc8 18. Kg2 b6 19. Red1 Rxd1 20. Rxd1 a6 21. b4 b5 22. axb5 axb5 23. Bb3 Rd8 24. Rxd8+ Qxd8 25. Qa2 h5 26. h4 Bf6 27. c4 Qe7 28. cxb5 Qxb4 29. Qa8 Qxb3 30. Qxc8+ Kg7 31. bxc6 Qb4 32. Nd5 Qxe4 33. Qg8+ 1-0

[Event "FICGS rapid B 000102 email"]
[Site "FICGS email"]
[Date "2008.09.09"]
[Round "1"]
[White "Boissier, Lucien"]
[Black "Faust, Dieter"]
[Result "0-1"]
[WhiteElo "1814"]
[BlackElo "1727"]
[PlyCount "26"]
[EventDate "2008.??.??"]
[EventType "tourn (rapid)"]
[EventRounds "6"]
[SourceTitle "Corr 2022"]
[Source "ChessBase"]
[SourceDate "2021.10.24"]
[SourceVersion "1"]
[SourceVersionDate "2021.10.24"]
[SourceQuality "1"]

1. d4 d5 2. Nf3 c6 3. c3 Nf6 4. Bg5 h6 5. Bf4 Bf5 6. a3 Nbd7 7. e3 Ne4 8. c4 e6 9. Qb3 Qb6 10. Qxb6 Nxb6 11. Nbd2 dxc4 12. Nxc4 Nd5 13. Rc1 Nxf4 0-1

[Event "FICGS rapid B 000102 email"]
[Site "FICGS email"]
[Date "2008.09.09"]
[Round "1"]
[White "Morgan, Peter"]
[Black "Boissier, Lucien"]
[Result "1-0"]
[WhiteElo "1800"]
[BlackElo "1814"]
[PlyCount "35"]
[EventDate "2008.??.??"]
[EventType "tourn (rapid)"]
[EventRounds "6"]
[SourceTitle "Corr 2022"]
[Source "ChessBase"]
[SourceDate "2021.10.24"]
[SourceVersion "1"]
[SourceVersionDate "2021.10.24"]
[SourceQuality "1"]

1. c4 e5 2. Nc3 Nf6 3. g3 Bb4 4. Bg2 0-0 5. Nf3 Re8 6. 0-0 d6 7. Qb3 Bc5 8. Ng5 Nc6 9. e3 Qd7 10. f4 h6 11. Nge4 Nxe4 12. Nxe4 Bb6 13. f5 Na5 14. Qc2 Nxc4 15. Qxc4 d5 16. Nf6+ gxf6 17. Bxd5 c6 18. Be4 1-0